• 首页
  • 本馆介绍
  • 公告通知
  • 最新文献
  • 馆藏检索
  • 电子资源
  • 读者荐购
  • 参考咨询
  • CALIS
  • 我的图书馆
  • 登录
  • 详细信息显示
  • 放入我的书架
  • 预约/预借图书
  • 作者相关作品
  • 分类相关作品
  • 丛书相关作品
  • 出版社相关作品

书目信息

  • 表格格式
  • 工作单格式
  • 卡片格式
题名:
唐语林
    
 
作者: 王兴芬 译注
分册: 上  
出版信息: 北京   中华书局  2025.01
页数: 2册(1463页)
开本: 21cm
丛书名: 中华经典名著全本全注全译丛书
单 册:
中图分类: I242.1
科图分类:
主题词: 笔记小说--小说集--中国--宋代
电子资源:
ISBN: 978-7-101-16987-4
 
 
 
 
 
000 00909oam2 2200253 450
001 01093738
005 20251022114321.27
010    @a978-7-101-16987-4@b精装@dCNY65.00
100    @a20250124d2025 em y0chiy0120 ea
101 0  @achi
102    @aCN@b110000
105    @ay z 000ay
106    @ar
200 1  @a唐语林@9tang yu lin@f王兴芬译注@h上
210    @a北京@c中华书局@d2025.01
215    @a2册(1463页)@d21cm
225 1  @a中华经典名著全本全注全译丛书
330    @a本书按内容分门记事,并将《世说新语》原有的门类扩大为52门。书中采录自唐人笔记小说,资料集中,内容丰富,广泛记载唐代的政治史实、宫廷琐事、士大夫言行、文学家轶事、风俗民情、名物制度和典故考辨等。
461  0 @12001 @a中华经典名著全本全注全译丛书
606 0  @a笔记小说@x小说集@y中国@z宋代
690    @aI242.1@v5
701  0 @a王兴芬@9wang xing fen@4译注
801  0 @aCN@c20250910
905    @a河南城建学院图书馆@dI242.1@eW391:1@ZW391:1@f1
    
    唐语林/王兴芬译注.上.-北京:中华书局,2025.01
    2册(1463页);21cm.-(中华经典名著全本全注全译丛书)
    
    
    ISBN 978-7-101-16987-4(精装):CNY65.00
    本书按内容分门记事,并将《世说新语》原有的门类扩大为52门。书中采录自唐人笔记小说,资料集中,内容丰富,广泛记载唐代的政治史实、宫廷琐事、士大夫言行、文学家轶事、风俗民情、名物制度和典故考辨等。
●
相关链接 在E读中查询图书 在当当中查询图书 在豆瓣中查询图书


正题名:唐语林     索取号:I242.1/W391:1         预约/预借

序号 登录号 条形码 馆藏地/架位号 状态 备注
1 1633765   216337658   文学库108/108文学库 21排3列5层/ [索取号:I242.1/W391:1] 在馆    
河南城建学院图书馆 欢迎您!
大连网信软件有限公司© 版权所有